Statistiques concernant Gares les plus fréquentées en Hauts-de-France

Cliquez ici pour prendre le quiz!

Statistiques générales

  • Ce quiz a été pris 114 fois
    (28 depuis la dernière actualisation)
  • Le résultat moyen est 18 sur 40

Statistiques - réponses

Voyageurs (2017) Gare % Correct
1,636,000Lens
86%
4,242,000Arras
86%
974,000Calais-ville
86%
7,195,000Lille-Europe
82%
1,753,000Dunkerque
82%
847,000Boulogne-ville
82%
5,323,000Amiens
77%
1,388,000Beauvais
77%
2,932,000Douai
77%
3,231,000Valenciennes
77%
1,047,000Tourcoing
77%
19,504,000Lille-Flandres
77%
4,422,000Creil
64%
750,000Laon
64%
1,136,000Saint-Quentin
64%
734,000Abbeville
55%
2,273,000Compiègne
55%
627,000Soissons
50%
1,680,000Hazebrouck
50%
686,000Cambrai
45%
730,000Château-Thierry
41%
1,835,000Béthune
41%
679,000Calais-Fréthun
41%
913,000Saint-Omer
32%
2,459,000Chantilly - Gouvieux
32%
826,000Armentières
23%
956,000Orchies
23%
972,000Clermont-de-l'Oise
18%
1,246,000Orry-la-Ville - Coye
18%
741,000Saint-Amand-les-Eaux
18%
1,047,000Crépy-en-Valois
14%
594,000Noyon
14%
784,000Libercourt
14%
998,000Bailleul
14%
716,000Chambly
14%
896,000Méru
14%
538,000Saint-Just-en-Chaussée
9%
516,000Chauny
5%
841,000Pont-Sainte-Maxence
5%
582,000Aulnoye-Aymeries
5%

Distribution des résultats

Percentile by Number Answered

% des personnes avec chaque résultat

Votre développement - résultats

Vous n’avez pas pris ce quiz depuis la dernière actualisation